00265nam a22000977a 4500003000400000082001700004245007000021260005500091300000900146546001200155OSt aGUHK/ST 2025 aGUHK strategic planb: excellence with purpose and responsibility aHong KongbChinese Universities of Hong Kongc2025 a39p. aEnglish